Gondolatok Bocskai István szultáni megerősítésének történetéhez
Elmentve itt :
| Szerző: | |
|---|---|
| Dokumentumtípus: | Könyv része |
| Megjelent: |
1994
|
| Sorozat: | Belvedere Meridionale kiskönyvtár
7 "Nem búcsúzom..." : emlékkönyv Benda Kálmán tiszteletére 7 |
| Kulcsszavak: | Bocskai István, Magyarország története - 17. sz., Erdély története - 17. sz. |
| Tárgyszavak: | |
| Online Access: | http://acta.bibl.u-szeged.hu/5404 |
| LEADER | 00873naa a2200217 i 4500 | ||
|---|---|---|---|
| 001 | acta5404 | ||
| 005 | 20211206084148.0 | ||
| 008 | 161015s1994 hu o 0|| hun d | ||
| 022 | |a 1217-3495 | ||
| 040 | |a SZTE Egyetemi Kiadványok Repozitórium |b hun | ||
| 041 | |a hun | ||
| 100 | 1 | |a Papp Sándor | |
| 245 | 1 | 0 | |a Gondolatok Bocskai István szultáni megerősítésének történetéhez |h [elektronikus dokumentum] / |c Papp Sándor |
| 260 | |c 1994 | ||
| 300 | |a 34-39 | ||
| 490 | 0 | |a Belvedere Meridionale kiskönyvtár |v 7 | |
| 490 | 0 | |a "Nem búcsúzom..." : emlékkönyv Benda Kálmán tiszteletére |v 7 | |
| 650 | 4 | |a Bölcsészettudományok | |
| 650 | 4 | |a Történettudomány és régészet | |
| 695 | |a Bocskai István, Magyarország története - 17. sz., Erdély története - 17. sz. | ||
| 856 | 4 | 0 | |u http://acta.bibl.u-szeged.hu/5404/1/belvedere_kk_007_034-039.pdf |z Dokumentum-elérés |